Countries Flags By Less Known Names - Statistics

General Stats
  • This quiz has been taken 7 times
  • The average score is 5 of 10
Answer Stats
Picture Answer % Correct
Cote d'Ivoire
100%
Bharat
75%
Ceylon
75%
Timor-Leste
75%
Hellenic Republic
50%
Nippon
50%
East Pakistan
25%
Choson
0%
Daehan Minguk
0%
Zonghua
0%
No matching quizzes found
Score Distribution
Percent of People with Each Score
Percentile by Number Answered
Your Score History
You have not taken this quiz